Central Library || Chittagong University

The Arab Navigation tr. (Record no. 110894)

MARC details
000 -LEADER
fixed length control field 00500nam a22001697a 4500
003 - CONTROL NUMBER IDENTIFIER
control field BD-ChCU
005 - DATE AND TIME OF LATEST TRANSACTION
control field 20260112092733.0
008 - FIXED-LENGTH DATA ELEMENTS--GENERAL INFORMATION
fixed length control field 260112b bg ||||| |||| 00| 0 ben d
040 ## - CATALOGING SOURCE
Transcribing agency BD-ChCU
082 ## - DEWEY DECIMAL CLASSIFICATION NUMBER
Classification number 297.749 SUA
100 ## - MAIN ENTRY--PERSONAL NAME
Personal name Sulaiman Nadvi , Allama Syed .
9 (RLIN) 18964
245 ## - TITLE STATEMENT
Title The Arab Navigation tr.
Statement of responsibility, etc. Allama Syed , Sulaiman Nadvi .
260 ## - PUBLICATION, DISTRIBUTION, ETC.
Place of publication, distribution, etc. Lahore :
Name of publisher, distributor, etc. Sh. Muhammad Ashraf ,
Date of publication, distribution, etc. C 1966
300 ## - PHYSICAL DESCRIPTION
Extent vi , 153p
650 #0 - SUBJECT ADDED ENTRY--TOPICAL TERM
Topical term or geographic name entry element Arab Description and Travels .
9 (RLIN) 18966
942 ## - ADDED ENTRY ELEMENTS (KOHA)
Source of classification or shelving scheme Dewey Decimal Classification
Koha item type Books
Suppress in OPAC No
Holdings
Withdrawn status Lost status Source of classification or shelving scheme Damaged status Not for loan Home library Current library Shelving location Date acquired Source of acquisition Total Checkouts Full call number Barcode Date last seen Copy number Price effective from Koha item type
    Dewey Decimal Classification     Chittagong University Library Chittagong University Library Arts and Humanities Reading Room 01/12/2026 Purchase   297.749 SUA 3661 01/12/2026 C-1 01/12/2026 Books
    Dewey Decimal Classification     Chittagong University Library Chittagong University Library Arts and Humanities Reading Room 01/12/2026 Purchase   297.749 SUA 3662 01/12/2026 C-2 01/12/2026 Books
    Dewey Decimal Classification     Chittagong University Library Chittagong University Library Arts and Humanities Reading Room 01/12/2026 Purchase   297.749 SUA 4926 01/12/2026 C-3 01/12/2026 Books
    Dewey Decimal Classification     Chittagong University Library Chittagong University Library Arts and Humanities Reading Room 01/12/2026 Purchase   297.749 SUA 4927 01/12/2026 C-4 01/12/2026 Books
    Dewey Decimal Classification     Chittagong University Library Chittagong University Library Arts and Humanities Reading Room 01/12/2026 Purchase   297.749 SUA 111733 01/12/2026 C-5 01/12/2026 Books
    Dewey Decimal Classification     Chittagong University Library Chittagong University Library Arts and Humanities Reading Room 01/12/2026 Purchase   297.749 SUA 111734 01/12/2026 C-6 01/12/2026 Books
© Copyright 2025. Chittagong University Library, Installation and Maintenance by Prof. Dr. Md. Alamgir, 01711306253